000
00343nam a2200133Ia 4500
008
151001s9999||||xx |||||||||||||| ||und||
100
_a
दुर्गा - भागवत
245
_a
सिद्धार्थ जातक
250
_a
1
260
_b
वरदा बुक्स
260
_c
1975
300
_a
400
365
_b
21
999
_c
961850
_d
961847